| 000 | 00509nam a22001817a 4500 | ||
|---|---|---|---|
| 005 | 20240822101925.0 | ||
| 008 | 240822b |||||||| |||| 00| 0 eng d | ||
| 040 |
_aIN-DiNC _cIN-DiNC |
||
| 041 | _dasm | ||
| 082 |
_a809 _bBEZ |
||
| 100 |
_aBezborah, Nirajana Mahanta _eauthor |
||
| 245 |
_aTulanamulak sahitya: _bsiddhanta aru prayog/ _cby Nirajana Mahanta Bezborah |
||
| 250 | _a6th ed. | ||
| 260 |
_aDibrugarh: _bBanalata, _c2024. |
||
| 300 | _a68p. | ||
| 650 | _aComparative literature | ||
| 942 |
_2ddc _cBK |
||
| 999 |
_c11878 _d11878 |
||